000 01683nam a22002297a 4500
999 _c60468
_d60468
003 Ge_BSU
005 20230725101936.0
008 230725s2022ge xxu||||| |||| 00| 0 geo d
022 _a19875851
041 _ageo
080 _a7 ხ-40
245 _aხელოვნებათმცოდნეობითი ეტიუდები = Studies in art criticism
_b ტ. IX : სამეცნიერო შრომების კრებული /
_cრედ. მ. ჭიჭილეიშვილი ; სოფიო თავაძე; ტომის სარედ. საბჭ. ე. მესხია.
264 _aბათუმი :
_bხელოვნების უნ–ტი,
_c2022.
300 _a393 გვ.:
_b 20 სმ.
653 _a ხელოვნებათმცოდნეობა
700 _a ჭიჭილეიშვილი, მაია
_eრედაქტორი
_919528
700 _aთავაძე, სოფიო
_eრედაქტორი
_95013
700 _aმესხია, ერმილე
_eტომის სარედქაციო საბჭო და სხვ
_91724
710 _aბათუმის ხელოვნების სახელმწიფო სასწავლო უნივერსიტეტი განათლების, ჰუმანიტარულ და სოციალურ მეცნიერებათა ფაკულტეტი ხელოვნების თეატრიისა და ისტორიის დეპარტამენტი
_919529
773 _tნაჩუქარი
942 _2udc
_cBK